Bekannte Berge - Bilderquiz - Statistiken

Allgemein
  • Dieses Quiz wurde 1.353 mal gespielt
  • Das Durchschnittsergebnis liegt bei 10 aus 20
Antwortstatistiken
Bildquiz Hint Antwort % Korrekt
Nepal/China Mount Everest
92%
Deutschland/Österreich Zugspitze
92%
Schweiz/Italien Matterhorn
84%
Frankreich/Italien Mont Blanc
83%
Italien Vesuv
78%
Pakistan/China K2
75%
Japan Fuji
73%
Australien Uluru
64%
Brasilien Zuckerhut
48%
Südafrika Tafelberg
46%
Tansania Kilimanjaro
44%
Italien Ätna
42%
USA Denali
40%
Schweiz Eiger
38%
Russland Elbrus
33%
Türkei Ararat
28%
Schweiz Dufourspitze
23%
Argentinien Aconcagua
20%
Pakistan Nanga Parbat
20%
Ägypten Sinai
18%
Keine übereinstimmenden Quizze gefunden
Verteilung der Resultate
Anzahl Personen mit jedem Resultat
Perzentil nach korrekt beantworteten Fragen
Ihre Resultats-Entwicklung
Sie haben dieses Quiz noch nicht gespielt